LDR 00630naa#a2200169#i#450# 001 EN\\bibl\122484 005 20260501212727.5 011 ## _a2304-0130 100 ## _a20260410b2026####ek#y0engy0150####ca 102 ## _aRU 200 1# _aGENETIC ALGORITHMS AND ARTIFICIAL INTELLIGENCE _eJournal article 210 1# _aSaint-Petersburg _cSaint-Petersburg University of State Fire Service of Emercom of Russia _d2026 215 ## _a5 с. 608 ## _aJournal article _2local 675 ## _aИнформационные системы (в автоматическом управлении). 681.518 _z 700 #1 _aLabinsky _gAlexander Yu. 856 4# _ajournals.igps.ru _u